000 00821nam a22001937a 4500
005 20240110165841.0
010 _aB-756344-349
020 _a9789355736086
_c1059.00
035 _aB-756344-349
037 _aParth Booksellers & Distributors
082 _a000
100 _aTewani,G
_960850
245 _aJEE (Advanced) CALCULUS 3rd Edition/
_cBy G.Tewani
260 _aNew Delhi
_bCengage Learning India Pvt. Ltd.
_c2023
270 _aT-303, 3rd Floor DAV Comlex, Plot 3 Mayur Vihar Phase 1
_bNew Delhi
_e110091
300 _aVarious Pages.
_c28cm(Pbk)
942 _2ddc
_cEN
_mTEW
_h000
999 _c199570
_d199570